| 000 | 00585 a2200193 4500 | ||
|---|---|---|---|
| 001 | 61728 | ||
| 005 | 20260407155908.0 | ||
| 008 | 260407a1970 arg spa d | ||
| 003 | AR-UNSa-BCEJYS | ||
| 040 |
_aAR-UNSa-BCEJYS _bspa _cAR-UNSa-BCEJYS |
||
| 080 |
_a347.75/.76 _xContratos de derecho civil que tienen carácter comercial |
||
| 245 | 1 | 0 | _aContrato de venta con pacto de retroventa |
| 264 | 1 |
_aLa Plata : _bEditora Platense _c1970 |
|
| 300 |
_a102 p. _c23 cm. |
||
| 041 | _aspa | ||
| 942 | _cBK | ||
| 590 | _aniveau_biblio:m niveau_hierar:0 | ||
| 100 | 1 | _aRezzónico, Juan Carlos | |
| 999 |
_c7380 _d7380 |
||